NATO Military Alphabet by Clue - Statistics

General Stats
  • This quiz has been taken 17,255 times
    17,234 since last reset
  • The average score is 20 of 26
Answer Stats
Clue Answer % Correct
Country that the Taj Mahal is in India
94%
Capital of Peru Lima
90%
_____ Leone Sierra
89%
Majority French-speaking province of Canada Quebec
88%
Dance from Argentina and Uruguay Tango
85%
A month of the year November
83%
Nickname for an Academy Award Oscar
83%
Greek letter but spelled differently Alfa
82%
Bourbon, for example Whiskey
81%
What people yell after a good opera performance Bravo
80%
Pop singer with last name Puth Charlie
80%
Where a river meets a body of water Delta
80%
A female Shakespeare character Juliett
79%
A male Shakespeare character Romeo
79%
Word that people yell into a canyon Echo
78%
South African ethnic group Zulu
76%
Person from the United States – especially the northeast Yankee
75%
Spanish word for pope Papa
73%
Sport invented in Scotland Golf
72%
In Monopoly, its a red piece Hotel
70%
What soldiers wear Uniform
68%
Prefix for 1,000 Kilo
66%
Ballroom dance popular in the early 20th century Foxtrot
64%
One who wins Victor
63%
Also known as Roentgen radiation Xray
61%
Famous boxer _____ Tyson Mike
53%
No matching quizzes found
Score Distribution
Percent of People with Each Score
Percentile by Number Answered
Your Score History
You have not taken this quiz since the last reset